000 01159nam0a22002771 4500
001 rc\2263045
005 20110829183730.2
035 _a(NLR Aleph) 006658236
090 _a4866624
_c4866624
100 _a20110829d1978 |||y0rusy50 ca
101 0 _arus
102 _aRU
105 _ay z |||||
200 1 _aНаучные основы управления трудовыми ресурсами
_e[Сб. статей
_fОтв. ред. д. э. н., проф. В.С. Немченко]
210 _aМосква
_cЦентр. н.-и. лаб. труд. ресурсов при Гос. ком. РСФСР по труду
_d1978
215 _a198 с.
_d21
225 1 _aТрудовые ресурсы
_fЦентр. н.-и. лаб. труд. ресурсов при Гос. ком. РСФСР по труду
_vВып. 4
320 _aБиблиогр. в подстроч. примеч.
702 1 _aНемченко
_bВ. С.
_gВладимир Семенович
_4340
801 0 _aRU
_bNLR
_gpsbo
801 1 _aRU
_bELAR
_2rusmarc
852 _aNLR
_jП22/4658
899 _aRuMoRGB
_jXXIV 304/12
899 _aRuMoRGB
_jXXIV 304/11
942 _cBOOK
980 _aNB